000 00890nam a2200253 a 4500
001 BRCA_4350
005 20190320204634.0
008 300410s1923----mx-a######---#000-0#spa-#
041 _aspa
044 _amx
050 4 _aQ23
_b.M46 4 1923
245 1 0 _aMemorias y revista de la Sociedad Científica ´Antonio Alzate´
_cpublicadas bajo la dirección de Rafael Aguilar y Santillan.
260 _aMéxico
_bAcademia Nacional de Ciencias
_c1923
300 _a161-216 p.
_bil.
_c23 cm.
500 _aTomo 41, Núm. 4, 1923
500 _aRevista inventariada por Banco de México como libro
500 _aVer también AA19, C30, H31, Q141, Q142, Q143, Q144, S126, X9 y X39
500 _aH56
650 1 4 _aCiencia
_vPublicaciones periódicas
_910791
700 1 _aAguilar y Santillan, Rafael
_911117
710 2 _aAcademia Nacional de Ciencias
_910792
902 _aGFM
942 _2lcc
_cB
999 _c4061
_d4061